Most Pork Producing Countries - Statistics

General Stats
  • This quiz has been taken 148 times
  • The average score is 8 of 10
Answer Stats
(Int 1,000 MT ) Country % Correct
10,555 United States
100%
49,000 China
92%
2,559 Russia
92%
5,474 Germany
90%
3,465 Brazil
86%
2,180 France
85%
1,998 Canada
84%
3,466 Spain
84%
1,836 Poland
77%
3,160 Vietnam
50%
No matching quizzes found
Score Distribution
Percent of People with Each Score
Percentile by Number Answered
Your Score History
You have not taken this quiz